| 000 | 00744cam a2200217 i 4500 | ||
|---|---|---|---|
| 999 |
_c58761 _d58761 |
||
| 001 | 19149163 | ||
| 005 | 20221108164339.0 | ||
| 008 | 160623s2017 enk b 001 0 eng | ||
| 020 | _a9781780648873x | ||
| 041 | _aeng | ||
| 080 | _a338.22+796 S-68 | ||
| 100 | 1 |
_aSmith, Stephen L. J., _d _914427 |
|
| 245 | 1 | 0 |
_aPractical tourism research / _cby Stephen L.J. Smith, University of Guelph, Canada. |
| 250 | _aSecond edition. | ||
| 264 | 1 |
_aBoston, MA : _bCABI, _c[2017]. |
|
| 300 |
_axv, 268 pages ; _c25 cm. |
||
| 504 | _aIncludes bibliographical references and index. | ||
| 650 | 0 |
_aTourism _xResearch _xMethodology. _99718 |
|
| 650 | 0 |
_aპრაქტიკული ტურიზმის კვლევა _914428 |
|
| 942 |
_2udc _cBK |
||